[Event "Steinfurt Bezirksklasse 1819"]
[Site "Germany"]
[Date "2018.11.10"]
[Round "2.6"]
[White "Stroot, Helmut"]
[Black "Henschen, Daniel"]
[Result "0-1"]
[WhiteElo "1208"]
[BlackElo "1633"]
[PlyCount "60"]
[EventDate "2018.09.29"]
[EventType "team-tourn"]
[EventRounds "7"]
[EventCountry "GER"]
[SourceTitle "EXT 2020"]
[Source "ChessBase"]
[SourceDate "2019.10.17"]
[SourceVersion "1"]
[SourceVersionDate "2019.10.17"]
[SourceQuality "1"]
[WhiteTeam "Rheine CC"]
[BlackTeam "Saerbeck II"]
[WhiteTeamCountry "GER"]
[BlackTeamCountry "GER"]

1. d4 d5 2. Bf4 Nf6 3. e3 g6 4. Nf3 Bg7 5. Bd3 0-0 6. Nbd2 b6 7. Qe2 c5 8. c3 Nc6 9. 0-0-0 c4 10. Bc2 b5 11. e4 dxe4 12. Nxe4 Nd5 13. Be3 a5 14. Nfd2 Ba6 15. h4 b4 16. Nxc4 bxc3 17. b3 Ncb4 18. a3 Nxc2 19. Qxc2 a4 20. h5 axb3 21. Qxb3 Rb8 22. Qa2 Bxc4 23. Qxc4 Nxe3 24. fxe3 Qa5 25. Qc5 Qxc5 26. dxc5 Rb2 27. a4 Ra8 28. Rh4 Rab8 29. Rhh1 c2 30. Rhf1 Bc3 0-1

[Event "Muensterland Verbandsklasse 1819"]
[Site "Germany"]
[Date "2018.10.06"]
[Round "2.8"]
[White "Henschen, Daniel"]
[Black "Schmidt, Ralf1111"]
[Result "0-1"]
[WhiteElo "1643"]
[BlackElo "1597"]
[PlyCount "46"]
[EventDate "2018.09.15"]
[EventType "team-tourn"]
[EventRounds "9"]
[EventCountry "GER"]
[SourceTitle "EXT 2020"]
[Source "ChessBase"]
[SourceDate "2019.10.17"]
[SourceVersion "1"]
[SourceVersionDate "2019.10.17"]
[SourceQuality "1"]
[WhiteTeam "Saerbeck"]
[BlackTeam "Nordwalde"]
[WhiteTeamCountry "GER"]
[BlackTeamCountry "GER"]

1. Nf3 f5 2. d4 e6 3. Nc3 Nf6 4. Bg5 d5 5. a3 Be7 6. Bxf6 Bxf6 7. e3 Nd7 8. Bd3 0-0 9. Qd2 c5 10. 0-0-0 a6 11. h3 b5 12. Ne5 Nxe5 13. dxe5 Bxe5 14. f4 Bf6 15. g4 b4 16. axb4 cxb4 17. Na2 Qb6 18. gxf5 b3 19. cxb3 Qxb3 20. Kb1 Rb8 21. Nc1 Qxb2+ 22. Qxb2 Rxb2+ 23. Ka1 exf5 0-1

[Event "Muensterland Verbandsklasse 1819"]
[Site "Germany"]
[Date "2018.09.15"]
[Round "1.8"]
[White "Gaebler, Marcel"]
[Black "Henschen, Daniel"]
[Result "1/2-1/2"]
[WhiteElo "1589"]
[BlackElo "1643"]
[PlyCount "77"]
[EventDate "2018.09.15"]
[EventType "team-tourn"]
[EventRounds "9"]
[EventCountry "GER"]
[SourceTitle "EXT 2020"]
[Source "ChessBase"]
[SourceDate "2019.10.17"]
[SourceVersion "1"]
[SourceVersionDate "2019.10.17"]
[SourceQuality "1"]
[WhiteTeam "Beelen II"]
[BlackTeam "Saerbeck"]
[WhiteTeamCountry "GER"]
[BlackTeamCountry "GER"]

1. d4 d5 2. c4 c6 3. Nc3 Nf6 4. e3 g6 5. Nf3 Bg7 6. cxd5 Nxd5 7. Bd2 0-0 8. Qb3 Nb6 9. h4 Be6 10. Qc2 N8d7 11. h5 Nf6 12. hxg6 fxg6 13. Ne4 Bf5 14. Bd3 Qd5 15. Nxf6+ Bxf6 16. e4 Qe6 17. Bh6 Rfd8 18. e5 Bxd3 19. Qxd3 Bxe5 20. Nxe5 Qxe5+ 21. Be3 Qd5 22. Rh6 Rd6 23. 0-0-0 e5 24. Rdh1 Rd7 25. Rxg6+ hxg6 26. Qxg6+ Rg7 27. Qf6 Rf8 28. Qh4 Qxg2 29. dxe5 Qg4 30. Qh8+ Kf7 31. Qh6 Nd5 32. Rh4 Qe6 33. Qh5+ Qg6 34. Qf3+ Ke8 35. Qh3 Nxe3 36. Qc8+ Kf7 37. Rf4+ Ke7 38. Qc7+ Ke8 39. Qc8+ 1/2-1/2

[Event "Muensterland Verbandsklasse 1718"]
[Site "Germany"]
[Date "2018.03.10"]
[Round "7.8"]
[White "Henschen, Daniel"]
[Black "Schmidt, Frank"]
[Result "1/2-1/2"]
[WhiteElo "1614"]
[BlackElo "1591"]
[PlyCount "99"]
[EventDate "2017.09.16"]
[EventType "team-tourn"]
[EventRounds "9"]
[EventCountry "GER"]
[SourceTitle "EXT 2019"]
[Source "ChessBase"]
[SourceDate "2018.10.10"]
[SourceVersion "1"]
[SourceVersionDate "2018.10.10"]
[SourceQuality "1"]
[WhiteTeam "Saerbeck"]
[BlackTeam "Emsdetten Rochade III"]
[WhiteTeamCountry "GER"]
[BlackTeamCountry "GER"]

1. Nf3 d5 2. d4 Nf6 3. g3 g6 4. Bg2 Bg7 5. 0-0 0-0 6. Bf4 Nbd7 7. Nc3 c6 8. Ne1 Re8 9. Nd3 Nh5 10. Ne5 Nxf4 11. gxf4 Nf6 12. f3 Qc7 13. Kh1 Nh5 14. e3 a6 15. Nd3 Rd8 16. Rc1 a5 17. Na4 b5 18. Nac5 Bf6 19. c3 Bh4 20. b4 a4 21. Qd2 Ng7 22. e4 e6 23. Rg1 Be7 24. Bh3 Bxc5 25. bxc5 f5 26. Ne5 Bd7 27. Rg5 Rf8 28. Rcg1 Be8 29. Qf2 Rf6 30. Qh4 Qd8 31. Qh6 Kh8 32. R1g3 Ra7 33. Nxg6+ Bxg6 34. Rxg6 Rxg6 35. Rxg6 Qe7 36. Rf6 Ra8 37. e5 Kg8 38. Qg5 Rf8 39. Rxf8+ Qxf8 40. a3 Qf7 41. Qd8+ Qe8 42. Qxe8+ Nxe8 43. Kg2 Kg7 44. Kg3 Kg6 45. Kf2 Nc7 46. Kg3 Ne8 47. Kf2 Ng7 48. Ke3 Kh5 49. Kf2 Kh4 50. Bg2 1/2-1/2

[Event "Muensterland Verbandsklasse 1718"]
[Site "Germany"]
[Date "2018.01.27"]
[Round "5.8"]
[White "Henschen, Daniel"]
[Black "Schlattmann, Martin"]
[Result "0-1"]
[WhiteElo "1614"]
[BlackElo "1750"]
[PlyCount "77"]
[EventDate "2017.09.16"]
[EventType "team-tourn"]
[EventRounds "9"]
[EventCountry "GER"]
[SourceTitle "EXT 2019"]
[Source "ChessBase"]
[SourceDate "2018.10.10"]
[SourceVersion "1"]
[SourceVersionDate "2018.10.10"]
[SourceQuality "1"]
[WhiteTeam "Saerbeck"]
[BlackTeam "Stadtlohn"]
[WhiteTeamCountry "GER"]
[BlackTeamCountry "GER"]

1. Nf3 Nf6 2. g3 g6 3. Bg2 Bg7 4. d4 0-0 5. c4 c6 6. Nc3 d5 7. cxd5 cxd5 8. Bf4 Nh5 9. Be3 Nc6 10. Qd2 e6 11. 0-0 Nf6 12. Rfc1 Bd7 13. Ne5 Nxe5 14. dxe5 Ng4 15. Bc5 Re8 16. f4 Bc6 17. Bd4 Nh6 18. e4 dxe4 19. Bxe4 Nf5 20. Bxf5 gxf5 21. Qe3 Qa5 22. a3 b6 23. Qe2 b5 24. b4 Qd8 25. Rd1 a6 26. Bc5 Qc7 27. Qf2 Qb7 28. Rd2 Rad8 29. Bd6 Bf8 30. Rad1 Bf3 31. Ne2 Bxd6 32. exd6 Rd7 33. Rc1 Red8 34. Rcd1 Bxe2 35. Qxe2 Qb6+ 36. Qf2 Qxf2+ 37. Kxf2 f6 38. Kf3 Kf7 39. h3 0-1

[Event "Muensterland Verbandsklasse 1718"]
[Site "Germany"]
[Date "2017.12.16"]
[Round "4.8"]
[White "Janocha, Hans Dieter"]
[Black "Henschen, Daniel"]
[Result "0-1"]
[WhiteElo "1552"]
[BlackElo "1614"]
[PlyCount "47"]
[EventDate "2017.09.16"]
[EventType "team-tourn"]
[EventRounds "9"]
[EventCountry "GER"]
[SourceTitle "EXT 2019"]
[Source "ChessBase"]
[SourceDate "2018.10.10"]
[SourceVersion "1"]
[SourceVersionDate "2018.10.10"]
[SourceQuality "1"]
[WhiteTeam "Muenster Indische Dame"]
[BlackTeam "Saerbeck"]
[WhiteTeamCountry "GER"]
[BlackTeamCountry "GER"]

1. Nf3 d5 2. d4 Nf6 3. e3 g6 4. Bd3 Bg7 5. 0-0 0-0 6. Nbd2 Nc6 7. b3 Nb4 8. Be2 Bf5 9. c3 Bc2 10. Qe1 Nd3 11. Bxd3 Bxd3 12. Ne5 Bxf1 13. Qxf1 c6 14. Qd3 Nd7 15. Nef3 Re8 16. e4 e5 17. Bb2 exd4 18. cxd4 dxe4 19. Nxe4 Ne5 20. Nxe5 Bxe5 21. Rd1 Bxh2+ 22. Kf1 Qh4 23. Nd2 Bf4 24. Nf3 0-1

[Event "Steinfurt Bezirksliga 1617"]
[Site "Germany"]
[Date "2017.03.25"]
[Round "8.2"]
[White "Henschen, Daniel"]
[Black "Raus, Christina"]
[Result "1/2-1/2"]
[WhiteElo "1624"]
[BlackElo "1502"]
[PlyCount "30"]
[EventDate "2016.09.24"]
[EventType "team"]
[EventRounds "9"]
[EventCountry "GER"]
[SourceTitle "EXT 2018"]
[Source "ChessBase"]
[SourceDate "2017.10.13"]
[SourceVersion "1"]
[SourceVersionDate "2017.10.13"]
[SourceQuality "1"]
[WhiteTeam "Saerbeck II"]
[BlackTeam "Steinfurt III"]
[WhiteTeamCountry "GER"]
[BlackTeamCountry "GER"]

1. d4 d5 2. c4 e6 3. Nf3 Nf6 4. e3 c5 5. cxd5 Nxd5 6. Bb5+ Bd7 7. Bxd7+ Nxd7 8. 0-0 Be7 9. e4 N5f6 10. d5 exd5 11. exd5 Nb6 12. Nc3 Nfxd5 13. Ne5 0-0 14. Qc2 Qc7 15. Bd2 Rac8 1/2-1/2

[Event "Steinfurt Bezirksliga 1617"]
[Site "Germany"]
[Date "2016.11.12"]
[Round "3.3"]
[White "Bahr, Maximilian"]
[Black "Henschen, Daniel"]
[Result "0-1"]
[WhiteElo "1655"]
[BlackElo "1624"]
[PlyCount "76"]
[EventDate "2016.09.24"]
[EventType "team"]
[EventRounds "9"]
[EventCountry "GER"]
[SourceTitle "EXT 2018"]
[Source "ChessBase"]
[SourceDate "2017.10.13"]
[SourceVersion "1"]
[SourceVersionDate "2017.10.13"]
[SourceQuality "1"]
[WhiteTeam "Emsdetten Rochade IV"]
[BlackTeam "Saerbeck II"]
[WhiteTeamCountry "GER"]
[BlackTeamCountry "GER"]

1. b4 d5 2. e3 e5 3. Bb2 Bd6 4. Nf3 Qe7 5. c4 c6 6. Qb3 Nf6 7. Be2 0-0 8. 0-0 Bg4 9. c5 Bc7 10. d3 e4 11. dxe4 dxe4 12. Nd4 Bxe2 13. Nxe2 Bxh2+ 14. Kxh2 Ng4+ 15. Kg3 Qg5 16. f4 exf3 17. Rxf3 Ne5+ 18. Kf2 Nxf3 19. gxf3 Qh4+ 20. Kg2 Re8 21. Nd2 Nd7 22. Ne4 Rxe4 23. fxe4 Qxe4+ 24. Kf2 Re8 25. Rg1 Ne5 26. Bxe5 Rxe5 27. Rg3 Rf5+ 28. Nf4 g5 29. Qd1 h6 30. Qh5 Kh7 31. Rh3 Qe6 32. Qf3 gxf4 33. exf4 Qxa2+ 34. Kg3 Qd5 35. Qa3 Qe4 36. Rh4 Rd5 37. Kf2 Rd2+ 38. Kf1 Qg2+ 0-1

[Event "Steinfurt Bezirksliga 1617"]
[Site "Germany"]
[Date "2016.10.22"]
[Round "2.3"]
[White "Henschen, Daniel"]
[Black "Roewekamp, Andre"]
[Result "0-1"]
[WhiteElo "1624"]
[BlackElo "1643"]
[PlyCount "86"]
[EventDate "2016.09.24"]
[EventType "team"]
[EventRounds "9"]
[EventCountry "GER"]
[SourceTitle "EXT 2018"]
[Source "ChessBase"]
[SourceDate "2017.10.13"]
[SourceVersion "1"]
[SourceVersionDate "2017.10.13"]
[SourceQuality "1"]
[WhiteTeam "Saerbeck II"]
[BlackTeam "Reckenfeld"]
[WhiteTeamCountry "GER"]
[BlackTeamCountry "GER"]

1. Nf3 Nf6 2. g3 Nc6 3. d4 d5 4. Bg2 Bg4 5. Nc3 e6 6. Bg5 h6 7. Bf4 Bb4 8. 0-0 Bxc3 9. bxc3 Ne4 10. Qd3 Bf5 11. Qb5 Nxc3 12. Qxb7 Nxe2+ 13. Kh1 Ncxd4 14. Nxd4 Nxd4 15. c3 Nc2 16. Bxc7 Qc8 17. Qc6+ Kf8 18. Rab1 Kg8 19. Rb7 Kh7 20. Rfb1 Na3 21. R1b4 Nc4 22. Qc5 Nb6 23. Qc6 Bd3 24. Rg4 Rg8 25. c4 Bxc4 26. Rxc4 Nxc4 27. Qb5 Qe8 28. Qb1+ Kh8 29. h3 a5 30. Bf4 e5 31. Bxh6 gxh6 32. Bxd5 Nd6 33. Rb6 Rb8 34. Qc1 Rg6 35. Ra6 Kg7 36. Rxa5 Rb5 37. Bc6 Qc8 38. Ra8 Qxh3+ 39. Kg1 Rb4 40. Bg2 Qf5 41. Qc7 Rb1+ 42. Kh2 Qh5+ 43. Bh3 Rf6 0-1

[Event "Steinfurt Bezirksklasse 1516"]
[Site "Germany"]
[Date "2016.01.09"]
[Round "5.2"]
[White "Henschen, Daniel"]
[Black "Kreft, Sebastian"]
[Result "1-0"]
[WhiteElo "1586"]
[BlackElo "974"]
[PlyCount "53"]
[EventDate "2015.09.05"]
[EventType "team-tourn"]
[EventRounds "9"]
[EventCountry "GER"]
[SourceTitle "EXT 2017"]
[Source "ChessBase"]
[SourceDate "2016.10.25"]
[SourceVersion "1"]
[SourceVersionDate "2016.10.25"]
[SourceQuality "1"]
[WhiteTeam "Saerbeck II"]
[BlackTeam "Steinfurt V"]
[WhiteTeamCountry "GER"]
[BlackTeamCountry "GER"]

1. Nf3 Nf6 2. g3 d5 3. Bg2 Bf5 4. 0-0 Nc6 5. d4 e6 6. Nh4 Bd6 7. Nxf5 exf5 8. c4 dxc4 9. Bxc6+ bxc6 10. Qc2 Qd7 11. Bg5 Nd5 12. Nd2 Nb6 13. e4 f4 14. e5 Bb4 15. Bxf4 Qxd4 16. Rad1 Qd7 17. e6 fxe6 18. Nxc4 Nd5 19. Ne5 Qe7 20. Qxc6+ Kf8 21. Qxa8+ Qe8 22. Qxe8+ Kxe8 23. Nc6 Bc5 24. Rfe1 Kd7 25. Ne5+ Ke7 26. Rxd5 exd5 27. Ng6+ 1-0

[Event "Steinfurt Bezirksliga 1314"]
[Site "Germany"]
[Date "2013.11.09"]
[Round "3.3"]
[White "Lueke, Reinhard"]
[Black "Henschen, Daniel"]
[Result "1-0"]
[WhiteElo "1861"]
[BlackElo "1589"]
[PlyCount "49"]
[EventDate "2013.09.14"]
[EventType "team-tourn"]
[EventRounds "9"]
[EventCountry "GER"]
[SourceTitle "EXT 2015"]
[Source "ChessBase"]
[SourceDate "2014.11.20"]
[SourceVersion "1"]
[SourceVersionDate "2014.11.20"]
[SourceQuality "1"]
[WhiteTeam "Emsdetten Turm III"]
[BlackTeam "Saerbeck II"]
[WhiteTeamCountry "GER"]
[BlackTeamCountry "GER"]

1. c4 c6 2. Nf3 d5 3. e3 Nf6 4. b3 Bg4 5. Bb2 Nbd7 6. Be2 Qc7 7. Nc3 e6 8. cxd5 exd5 9. Rc1 a6 10. 0-0 Bd6 11. h3 Be6 12. Nd4 c5 13. Nxe6 fxe6 14. Bg4 Kf7 15. f4 h5 16. Bf3 Rag8 17. f5 Nb6 18. fxe6+ Ke7 19. d4 c4 20. e4 Bh2+ 21. Kh1 Qg3 22. Nxd5+ Nfxd5 23. exd5 g5 24. Ba3+ Ke8 25. Rxc4 1-0

[Event "Steinfurt Bezirksliga 1213"]
[Site "Germany"]
[Date "2013.05.04"]
[Round "9.4"]
[White "Henschen, Daniel"]
[Black "Lardinois, Wouter"]
[Result "1/2-1/2"]
[WhiteElo "1679"]
[BlackElo "1698"]
[PlyCount "54"]
[EventDate "2012.09.22"]
[EventType "team-tourn"]
[EventRounds "9"]
[EventCountry "GER"]
[SourceTitle "EXT 2015"]
[Source "ChessBase"]
[SourceDate "2014.11.20"]
[SourceVersion "1"]
[SourceVersionDate "2014.11.20"]
[SourceQuality "1"]
[WhiteTeam "Saerbeck II"]
[BlackTeam "Emsdetten Rochade II"]
[WhiteTeamCountry "GER"]
[BlackTeamCountry "GER"]

1. Nf3 f5 2. d4 Nf6 3. c4 e6 4. Nc3 d5 5. cxd5 exd5 6. e3 c6 7. Bd3 Bd6 8. Qc2 Ne4 9. Nd2 0-0 10. Ndxe4 fxe4 11. Bf1 Qf6 12. g3 b6 13. b3 Na6 14. a3 Nc7 15. Bb2 Bg4 16. Bg2 Bf3 17. Bxf3 Qxf3 18. Rg1 Rf6 19. Qe2 Raf8 20. Qxf3 Rxf3 21. Rg2 Ne6 22. Rc1 Ng5 23. Ne2 R3f6 24. Ng1 Rc8 25. h4 Nf3+ 26. Ke2 Be7 27. Nh3 Bd6 1/2-1/2

[Event "Steinfurt Bezirksliga 1213"]
[Site "Germany"]
[Date "2012.11.24"]
[Round "3.4"]
[White "Henschen, Daniel"]
[Black "Radisic, Sascha"]
[Result "1/2-1/2"]
[WhiteElo "1679"]
[BlackElo "1666"]
[PlyCount "66"]
[EventDate "2012.09.22"]
[EventType "team-tourn"]
[EventRounds "9"]
[EventCountry "GER"]
[SourceTitle "EXT 2015"]
[Source "ChessBase"]
[SourceDate "2014.11.20"]
[SourceVersion "1"]
[SourceVersionDate "2014.11.20"]
[SourceQuality "1"]
[WhiteTeam "Saerbeck II"]
[BlackTeam "Steinfurt II"]
[WhiteTeamCountry "GER"]
[BlackTeamCountry "GER"]

1. Nf3 Nf6 2. g3 g6 3. Bg2 Bg7 4. d4 0-0 5. c4 b6 6. Ne5 c6 7. Nc3 Bb7 8. 0-0 d6 9. Nd3 Qd7 10. Bd2 c5 11. d5 a6 12. Rb1 b5 13. b3 b4 14. Na4 Qc7 15. Qc1 Re8 16. Bf4 Nbd7 17. e4 Nh5 18. Bh6 Ne5 19. Bxg7 Nxd3 20. Qd2 Kxg7 21. Qxd3 Bc8 22. Qe3 Nf6 23. h3 Bd7 24. Nb2 a5 25. f4 Qc8 26. e5 Ng8 27. e6 fxe6 28. dxe6 Bc6 29. Bd5 Nf6 30. Qf3 Ra6 31. Nd1 Nxd5 32. cxd5 Bb5 33. Rf2 c4 1/2-1/2

[Event "Steinfurt Bezirksliga 1112"]
[Site "Germany"]
[Date "2012.01.07"]
[Round "4.4"]
[White "Niering, Thorsten"]
[Black "Henschen, Daniel"]
[Result "1-0"]
[WhiteElo "1853"]
[BlackElo "1686"]
[PlyCount "48"]
[EventDate "2011.10.01"]
[EventType "team-tourn"]
[EventRounds "9"]
[EventCountry "GER"]
[SourceTitle "EXT 2013"]
[Source "ChessBase"]
[SourceDate "2012.11.22"]
[SourceVersion "1"]
[SourceVersionDate "2012.11.22"]
[SourceQuality "1"]
[WhiteTeam "Steinfurt III"]
[BlackTeam "Saerbeck II"]
[WhiteTeamCountry "GER"]
[BlackTeamCountry "GER"]

1. d4 c6 2. e3 d5 3. Bd3 Nf6 4. f4 Nbd7 5. Nf3 c5 6. c3 c4 7. Bc2 e6 8. 0-0 a6 9. Nbd2 b5 10. Ne5 Qb6 11. Qf3 Bb7 12. Qh3 g6 13. Ndf3 Bg7 14. b3 Ra7 15. Ng5 Rf8 16. Ba3 Rg8 17. Ngxf7 Bf8 18. Bxf8 Rxf8 19. Ng5 Ke7 20. Nxd7 Kxd7 21. Nxh7 Nxh7 22. Qxh7+ Kc8 23. Qxg6 Kb8 24. f5 e5 1-0

[Event "Muensterland Verbandsliga 1112"]
[Site "Germany"]
[Date "2011.11.19"]
[Round "3.8"]
[White "Henschen, Daniel"]
[Black "Kluczka, Konrad"]
[Result "1-0"]
[WhiteElo "1667"]
[BlackElo "1852"]
[PlyCount "63"]
[EventDate "2011.09.24"]
[EventType "team-tourn"]
[EventRounds "9"]
[EventCountry "GER"]
[SourceTitle "EXT 2013"]
[Source "ChessBase"]
[SourceDate "2012.11.22"]
[SourceVersion "1"]
[SourceVersionDate "2012.11.22"]
[SourceQuality "1"]
[WhiteTeam "Saerbeck"]
[BlackTeam "Nienberge"]
[WhiteTeamCountry "GER"]
[BlackTeamCountry "GER"]

1. Nf3 d5 2. g3 Nf6 3. Bg2 Bf5 4. d4 e6 5. 0-0 Bd6 6. c4 dxc4 7. Qa4+ c6 8. Qxc4 0-0 9. Nc3 Bg6 10. Re1 Nbd7 11. Nh4 Rc8 12. Nxg6 hxg6 13. Bg5 Qa5 14. h4 c5 15. Qb5 Qc7 16. Qxb7 cxd4 17. Nb5 Qb8 18. Qxb8 Bxb8 19. Nxd4 Rc4 20. Nc6 Rc2 21. b4 Be5 22. Nxe5 Nxe5 23. Bxf6 gxf6 24. a4 Rd8 25. b5 Rdd2 26. a5 Rb2 27. Reb1 Nc4 28. b6 axb6 29. Rxb2 Rxb2 30. a6 b5 31. a7 Nb6 32. Ra6 1-0

[Event "Steinfurt Bezirksliga 1112"]
[Site "Germany"]
[Date "2011.11.05"]
[Round "2.4"]
[White "Blomqvist, Pontus"]
[Black "Henschen, Daniel"]
[Result "0-1"]
[WhiteElo "1381"]
[BlackElo "1686"]
[PlyCount "64"]
[EventDate "2011.10.01"]
[EventType "team-tourn"]
[EventRounds "9"]
[EventCountry "GER"]
[SourceTitle "EXT 2013"]
[Source "ChessBase"]
[SourceDate "2012.11.22"]
[SourceVersion "1"]
[SourceVersionDate "2012.11.22"]
[SourceQuality "1"]
[WhiteTeam "Nordwalde II"]
[BlackTeam "Saerbeck II"]
[WhiteTeamCountry "GER"]
[BlackTeamCountry "GER"]

1. e4 e5 2. Nf3 Nc6 3. Bc4 d6 4. d3 h6 5. Be3 Na5 6. Nbd2 Nxc4 7. Nxc4 Bg4 8. h3 Bh5 9. g4 Bg6 10. h4 f6 11. h5 Bf7 12. Nh4 d5 13. exd5 Bxd5 14. Rh3 b5 15. Nd2 Bd6 16. Nf5 Qd7 17. Ne4 Be6 18. Qf3 Rd8 19. Bxa7 Bxf5 20. Qxf5 Qc6 21. Qe6+ Ne7 22. 0-0-0 Ra8 23. Be3 b4 24. Kb1 Kd8 25. Nxd6 cxd6 26. d4 Rc8 27. Rc1 Nd5 28. dxe5 fxe5 29. Rf3 Re8 30. Qg6 Ne7 31. Qxg7 Qxf3 32. Qxh6 Kd7 0-1

[Event "Muensterland Verbandsliga 1011"]
[Site "Germany"]
[Date "2010.09.25"]
[Round "1.6"]
[White "Henschen, Daniel"]
[Black "Wigger, Reiner"]
[Result "1/2-1/2"]
[WhiteElo "1734"]
[BlackElo "1842"]
[PlyCount "63"]
[EventDate "2010.09.25"]
[EventType "team-tourn"]
[EventRounds "9"]
[EventCountry "GER"]
[SourceTitle "EXT 2012"]
[Source "ChessBase"]
[SourceDate "2011.11.24"]
[SourceVersion "1"]
[SourceVersionDate "2011.11.24"]
[SourceQuality "1"]
[WhiteTeam "Saerbeck"]
[BlackTeam "Muenster Indische Dame"]
[WhiteTeamCountry "GER"]
[BlackTeamCountry "GER"]

1. Nf3 Nf6 2. g3 d5 3. Bg2 c6 4. d4 Bg4 5. Ne5 Bh5 6. 0-0 Nbd7 7. Bf4 Nxe5 8. dxe5 Nd7 9. Nc3 e6 10. a3 g5 11. Be3 Nxe5 12. f4 gxf4 13. Bxf4 Bg7 14. Bxe5 Bxe5 15. Kh1 Qb6 16. Rb1 0-0-0 17. Qd2 f5 18. Qg5 Bg6 19. Na4 Qa5 20. b3 Rhe8 21. g4 Qc7 22. gxf5 Bxf5 23. Rxf5 exf5 24. Qxf5+ Kb8 25. Qh5 Bd6 26. b4 Re5 27. Qg4 Re3 28. b5 Qc8 29. Qd4 Rxe2 30. bxc6 Rxg2 31. Rxb7+ Qxb7 32. cxb7 1/2-1/2

[Event "Steinfurt Bezirksliga 0910"]
[Site "Germany"]
[Date "2010.01.23"]
[Round "5.5"]
[White "Henschen, Daniel"]
[Black "Beimdiek, Reiner"]
[Result "1/2-1/2"]
[WhiteElo "1744"]
[BlackElo "1783"]
[PlyCount "38"]
[EventDate "2009.09.12"]
[EventType "team-tourn"]
[EventRounds "9"]
[EventCountry "GER"]
[SourceTitle "EXT 2011"]
[Source "ChessBase"]
[SourceDate "2010.11.26"]
[SourceVersion "1"]
[SourceVersionDate "2010.11.26"]
[SourceQuality "1"]
[WhiteTeam "Saerbeck II"]
[BlackTeam "Westerkappeln"]
[WhiteTeamCountry "GER"]
[BlackTeamCountry "GER"]

1. Nf3 Nf6 2. g3 b6 3. Bg2 Bb7 4. d4 e6 5. 0-0 Be7 6. c4 0-0 7. Nc3 d5 8. cxd5 exd5 9. Bg5 h6 10. Bf4 Bd6 11. Bxd6 Qxd6 12. Ne5 c6 13. Rb1 Nbd7 14. f4 Rac8 15. b4 Rfd8 16. Rb3 Ba8 17. Bh3 Rb8 18. Qb1 Nf8 19. Bf5 c5 1/2-1/2

[Event "Steinfurt Bezirksliga 0910"]
[Site "Germany"]
[Date "2009.12.05"]
[Round "4.4"]
[White "Henschen, Daniel"]
[Black "Radisic, Sascha"]
[Result "1-0"]
[WhiteElo "1744"]
[BlackElo "1733"]
[PlyCount "109"]
[EventDate "2009.09.12"]
[EventType "team-tourn"]
[EventRounds "9"]
[EventCountry "GER"]
[SourceTitle "EXT 2011"]
[Source "ChessBase"]
[SourceDate "2010.11.26"]
[SourceVersion "1"]
[SourceVersionDate "2010.11.26"]
[SourceQuality "1"]
[WhiteTeam "Saerbeck II"]
[BlackTeam "Steinfurt II"]
[WhiteTeamCountry "GER"]
[BlackTeamCountry "GER"]

1. d4 Nf6 2. c4 e6 3. Nc3 Bb4 4. a3 Bxc3+ 5. bxc3 Ne4 6. Qc2 d5 7. Nf3 c5 8. cxd5 exd5 9. dxc5 Nxc5 10. Bb2 0-0 11. e3 Nc6 12. Rd1 Be6 13. Nd4 Qg5 14. g3 Bg4 15. Be2 Bxe2 16. Qxe2 a6 17. h4 Qe7 18. h5 Qe4 19. Rh4 Qe7 20. Nf5 Qd7 21. Qg4 Ne6 22. Nxg7 Ne5 23. Qf5 Nxg7 24. Qxe5 Qb5 25. c4 Qa5+ 26. Bc3 f6 27. Qxd5+ Qxd5 28. Rxd5 f5 29. Rd7 Rf7 30. Rxf7 Kxf7 31. Bxg7 Kxg7 32. Rf4 Rf8 33. f3 Re8 34. Kf2 Re5 35. Ke2 Kh6 36. g4 fxg4 37. fxg4 b5 38. cxb5 axb5 39. Kf3 Rc5 40. Rb4 Rd5 41. a4 bxa4 42. Rxa4 Kg5 43. Ra7 h6 44. Rg7+ Kh4 45. e4 Rd1 46. e5 Re1 47. Kf4 Rf1+ 48. Ke4 Re1+ 49. Kd5 Rd1+ 50. Ke6 Re1 51. Rg6 Re2 52. Kf6 Rf2+ 53. Kg7 Re2 54. e6 Ra2 55. Kf7 1-0

[Event "Steinfurt Bezirksliga 0910"]
[Site "Germany"]
[Date "2009.10.31"]
[Round "2.5"]
[White "Altenaehr, Johannes"]
[Black "Henschen, Daniel"]
[Result "0-1"]
[WhiteElo "1479"]
[BlackElo "1744"]
[PlyCount "118"]
[EventDate "2009.09.12"]
[EventType "team-tourn"]
[EventRounds "9"]
[EventCountry "GER"]
[SourceTitle "EXT 2011"]
[Source "ChessBase"]
[SourceDate "2010.11.26"]
[SourceVersion "1"]
[SourceVersionDate "2010.11.26"]
[SourceQuality "1"]
[WhiteTeam "Rheine"]
[BlackTeam "Saerbeck II"]
[WhiteTeamCountry "GER"]
[BlackTeamCountry "GER"]

1. Nf3 c6 2. b3 d5 3. Bb2 Nf6 4. e3 Bf5 5. c4 Nbd7 6. cxd5 cxd5 7. Nc3 a6 8. d4 e6 9. Be2 Bb4 10. 0-0 h6 11. Rc1 0-0 12. a3 Bd6 13. Re1 Rc8 14. Nh4 Bh7 15. Nf3 Rc6 16. b4 Qb8 17. b5 Rc7 18. Qb3 a5 19. a4 Nb6 20. Na2 Rfc8 21. Rxc7 Rxc7 22. Rc1 Nfd7 23. Rxc7 Qxc7 24. Bc3 Nc8 25. Qb2 f6 26. b6 Ncxb6 27. Bxa5 Qc2 28. Qxc2 Bxc2 29. Bxb6 Nxb6 30. a5 Nc4 31. Ne1 Bb3 32. Nc3 Bb4 33. Nxd5 exd5 34. Nd3 Bxa5 35. Nc5 Bc2 36. Nxb7 Bb4 37. Nd8 Bf5 38. Nc6 Ba3 39. Bf3 Be4 40. Bg4 f5 41. Be2 Bc2 42. Bf3 Be4 43. Bd1 Kf8 44. Na7 Bc1 45. Nb5 Nxe3 46. fxe3 Bxe3+ 47. Kh1 Ke7 48. Bf3 Bxf3 49. gxf3 Kd7 50. Kg2 Kc6 51. Nc3 Bxd4 52. Ne2 Kc5 53. f4 Kc4 54. Kf3 Bc5 55. Ng3 g6 56. Nf1 d4 57. Nd2+ Kc3 58. Ke2 d3+ 59. Kd1 Be3 0-1